Estudio técnico, diseño y propuesta de proyecto construcción de 1.3 Km de adoquinado con sus respectivas obras de drenaje y boulevard, ubicado en la entrada Waslala Matagalpa, año 2010.
Presenta el estudio técnico, diseño y propuesta de proyecto construcción de 1.3 Km de adoquinado con sus respectivas obras de drenaje y boulevard, ubicado en la entrada Waslala Matagalpa, año 2010 en el cual se presenta un diagnóstico de las obras existentes, así como un levantamiento topográ...
| Main Authors: | , |
|---|---|
| Other Authors: | |
| Format: | Tesis Section = Libro |
| Language: | Undetermined Spanish |
| Published: |
Managua
UNI
2011
|
| Subjects: |
| LEADER | 01361nam a2200277Ia 4500 | ||
|---|---|---|---|
| 008 | 240830s9999 xx 000 0 und d | ||
| 040 | |a BIBLIOTECA-RUPAP Mon 625.7 L182 | ||
| 041 | |a spa | ||
| 082 | |a Mon 625.7 L182 | ||
| 100 | 1 | |a Laguna López, Juan Carlos | |
| 100 | 1 | |b Montalván Lanzas, Eddy Wilfredo | |
| 245 | 1 | 0 | |a Estudio técnico, diseño y propuesta de proyecto construcción de 1.3 Km de adoquinado con sus respectivas obras de drenaje y boulevard, ubicado en la entrada Waslala Matagalpa, año 2010. |
| 260 | |a Managua |b UNI |c 2011 | ||
| 300 | |a 166 p. :il. | ||
| 500 | |a Contiene: anexos. | ||
| 502 | |a Tesis (Ingeniero Civil)- UNI, 2011. | ||
| 520 | 3 | |a Presenta el estudio técnico, diseño y propuesta de proyecto construcción de 1.3 Km de adoquinado con sus respectivas obras de drenaje y boulevard, ubicado en la entrada Waslala Matagalpa, año 2010 en el cual se presenta un diagnóstico de las obras existentes, así como un levantamiento topográfico para definir la línea central, niveles y dimensiones de la vía y sus componentes. | |
| 650 | 7 | |a CONSTRUCCION DE CARRETERAS | |
| 650 | 7 | |b OBRAS DE DRENAJE | |
| 650 | 7 | |c COSTO DE CONSTRUCCION DE CARRETERAS | |
| 650 | 7 | |d PAVIMENTO | |
| 650 | 7 | |e ESTUDIO DE TRÁFICO | |
| 700 | 1 | |a Tutor: |b Tirado Picado, Víctor Rogelio | |
| 942 | |c BK |2 ddc | ||
| 991 | |a TESIS | ||
| 999 | |c 15981 | ||